Hoa thảo mộc Tập thơ

Spremljeno u:
Bibliografski detalji
Glavni autor: Bình, Nguyên
Format: Knjiga
Jezik:Undetermined
Izdano: H. Hội nhà văn 2019
Teme:
Online pristup:http://lrc.tdmu.edu.vn/opac/search/detail.asp?aID=2&ID=40513
Oznake: Dodaj oznaku
Bez oznaka, Budi prvi tko označuje ovaj zapis!
Thư viện lưu trữ: Trung tâm Học liệu Trường Đại học Thủ Dầu Một
LEADER 00662nam a2200205Ia 4500
001 TDMU_40513
008 210410s9999 xx 000 0 und d
082 |a 338.91 
090 |b B312 
100 |a Bình, Nguyên 
245 0 |a Hoa thảo mộc 
245 0 |b Tập thơ 
245 0 |c Bình Nguyên 
260 |a H. 
260 |b Hội nhà văn 
260 |c 2019 
300 |a 539 tr 
650 |a Văn học hiện đại  |x Văn học Việt Nam  |v Tập thơ; Thơ  |x Văn học  |z Việt Nam 
856 |u http://lrc.tdmu.edu.vn/opac/search/detail.asp?aID=2&ID=40513 
980 |a Trung tâm Học liệu Trường Đại học Thủ Dầu Một